00409nam a2200157Ia 450000500170000000800410001702000150005805000250007310000190009824500450011726000350016230000330019744000060023052100070023652600080024320140311163143.0140130s9999 xx 000 0 und d a0590482920 aPZ 7b.B63593Li 1995 aBolognese, Don cBolognese, DonaLittle hawk's new name / bScholastic,c1995.aNew York : a47 p. :bcol. ill. ;c23 cm. v1 aG1 c260